Data communications from basics to broadband
An introductory text for technical and non-technical students in business, management, and information technology, as well as computer science and electrical engineering. Focusing on both fundamental concepts and practical applications, this data communications text is accessible to the novice yet c...
Zapisane w:
| 1. autor: | |
|---|---|
| Format: | Książka |
| Język: | Undetermined |
| Wydane: |
Upper Saddle River, NJ.
Pearson / Prentice Hall
2005
|
| Hasła przedmiotowe: | |
| Etykiety: |
Dodaj etykietę
Nie ma etykietki, Dołącz pierwszą etykiete!
|
| Thư viện lưu trữ: | Trung tâm Học liệu Trường Đại học Cần Thơ |
|---|
| LEADER | 01149nam a2200205Ia 4500 | ||
|---|---|---|---|
| 001 | CTU_117281 | ||
| 008 | 210402s9999 xx 000 0 und d | ||
| 020 | |c 70.00 | ||
| 082 | |a 004.6 | ||
| 082 | |b B573 | ||
| 100 | |a Beyda, William J. | ||
| 245 | 0 | |a Data communications from basics to broadband | |
| 245 | 0 | |c William J. Beyda | |
| 260 | |a Upper Saddle River, NJ. | ||
| 260 | |b Pearson / Prentice Hall | ||
| 260 | |c 2005 | ||
| 520 | |a An introductory text for technical and non-technical students in business, management, and information technology, as well as computer science and electrical engineering. Focusing on both fundamental concepts and practical applications, this data communications text is accessible to the novice yet challenging to the technical professional. Beyda provides a thorough introduction to telecommunications and a practical understanding of all relevant terminology, concepts, hardware, software, protocols, architectures, and other information to make the student literate in data communications. | ||
| 650 | |a Data tranmision systems | ||
| 904 | |i Minh | ||
| 980 | |a Trung tâm Học liệu Trường Đại học Cần Thơ | ||